000
00299nam a2200097Ia 4500
082
_a
641.852 WILS
245
0
_a
Perfect preserves : more than 300 easy-to-make recipes
100
_a
WILSON, Joan Camberwell, Vic., 2004
_9
91741
942
_c
BK
008
210817s9999 xx 000 0 und d
999
_c
372631
_d
372630